000 00746nam a2200229 i 4500
001 188902
003 SpMaBN
005 20250821070533.0
008 190222s2010 sp |||| | spa d
020 _a978-84-9920-039-2
080 _a821.134.2-31"19"
100 1 _aJiménez Lozano, José.
_966552
245 1 3 _aUn pintor de Alejandría /
_cJosé Jiménez Lozano.
260 _aMadrid :
_bEncuentro,
_c[2010]
300 _a125 p. ;
_c22 cm.
490 1 _aLiteratura ;
_v73
830 0 _aLiteratura ;
_v73
_9177860
852 _aES-MaACL
_jA-14401
_z- Enc. cart.
_9196036
_bR.151625
_cDEPO1
_dOlim: N-7401
_hDonación: Manuel Spinola
903 _aSpínola, Manuel,
_d1948-
_ednr
_9161019
942 _2udc
_cMONOGRAFIA
999 _c188902
_d188902